The China Syndrome Revisited: Impact of Technological Intensity and Chinese Import Penetration on Labor Market Outcomes in the EU
Tento dokument sa zameral na trhy práce EÚ v období veľkých otrasov medzi rokmi 2008 a 2018. Autori analyzovali vplyv prenikania čínskeho dovozu a technologickej náročnosti na výsledky sektorového trhu práce počas tohto obdobia s použitím rozsiahleho súboru údajov na úrovni odvetvia pre 28 členských...
Saved in:
| Main Author: | |
|---|---|
| Other Authors: | , |
| Format: | Book Chapter |
| Language: | English |
| Subjects: | |
| Tags: |
No Tags, Be the first to tag this record!
|
MARC
| LEADER | 00000naa a2200000 4500 | ||
|---|---|---|---|
| 001 | 0295472 | ||
| 005 | 20230720082155.5 | ||
| 041 | 0 | |a eng | |
| 044 | |a SK | ||
| 245 | 1 | 0 | |a The China Syndrome Revisited: Impact of Technological Intensity and Chinese Import Penetration on Labor Market Outcomes in the EU |c Jože Damijan, Črt Kostevc, Tjaša Redek |
| 520 | |a Tento dokument sa zameral na trhy práce EÚ v období veľkých otrasov medzi rokmi 2008 a 2018. Autori analyzovali vplyv prenikania čínskeho dovozu a technologickej náročnosti na výsledky sektorového trhu práce počas tohto obdobia s použitím rozsiahleho súboru údajov na úrovni odvetvia pre 28 členských štátov EÚ. Zistenia naznačujú, že podiel čínskeho dovozu na celkovom dovoze mimo EÚ-28 zohrával významnú úlohu pri určovaní stavu trhov práce EÚ. | ||
| 610 | 2 | 0 | |a trh práce |
| 610 | 2 | 0 | |a zamestnanosť |
| 610 | 2 | 0 | |a výroba |
| 610 | 2 | 0 | |a technológie nové |
| 610 | 2 | 0 | |a dovoz |
| 610 | 2 | 0 | |a Čína |
| 610 | 2 | 0 | |a Európska únia |
| 100 | 1 | |a Damijan, Jože | |
| 700 | 1 | |a Kostevc, Črt | |
| 700 | 1 | |a Redek, Tjaša | |